000 00802nam a2200241Ia 4500
003 OSt
005 20220925190836.0
006 a|||||r|||| 00| 0
007 ta
008 220923b |||||||| |||| 00| 0 eng d
020 _a9781439809624
_c5117.3699999999999
037 _b110/2010-11, 13/08/2010, PIONEER BOOK DISTRIBUTORS
_cGeneral Book
040 _aRTL
_cRTL
_beng
041 _2eng
_aeng
082 _aU:(G:55):(L:5), Q0
100 _aGURJAR Bhola R
_9240011
245 0 _aAir pollution
_b Health and environmental impacts
260 _aBoca Raton
_bCRC Press
_c2010
300 _axxiii, 532p
_ccm.
650 _aGeography
942 _hU:(G:55):(L:5), Q0
_cGB
_2CC
999 _c516173
_d516173